01730nam a22002297a 4500003000900000005001700009008004100026040002800067100004900095245030600144260004100450300005300491502020400544504005300748505031500801650007701116651005201193700004301245700005001288700002501338830013701363DO-SdBJH20210928171433.0180723b ||||| |||| 00| 0 spa d aDO-SdBJHbspacDO-SdBJH1 aGonzález Fortuna, Loreskys E.esustentante10aPropuesta para la Implementación de una Red Internet en la Academia Militar "Batalla de las Carreras"; del Ejército de República Dominicana, a partir del 2017 / cLoreskys E. González Fortuna, Cristian De la Cruz Reyes, asesores Tebi Enrique Rodríguez Hernández, Frank Reyes  aSanto Domingo Este :bINSUDE, c2016 axvi, 55 páginas, ilustraciones-tablas-figueras aTrabajo de grado (Licenciatura en Ciencias Militares) -- Instituto Superior para la Defensa (INSUDE). – Academia Militar del Ejército de República Dominicana “Batalla de las Carreras” 2016. aIncluye referencias bibliográficas e índices aAntecedentes históricos del Internet. -- Aspectos generales del Internet y su rol en la Academia Militar "Batallas de las Carreras". -- Importancia de la red Internet en la Academia Militar Batallas de las Carreras.-- Proponer la creación de una red Internet en la academia militar Batallas de las Carreras 4aImportancia de la red de internet "Batallas de las Carreras" (propuesta) 4aRepública Dominicana. Ejército -- Internet1 aCristian De la Cruz Reyesesustentante1 aRodríguez Hernández, Tebi Enriqueeasesor1 aReyes, Frankeasesor aINSUDE. Academia Militar del Ejército de República Dominicana “Batalla de las Carreras”. Tesis y disertaciones académicas